|
|
แสดงรายละเอียดบรรณานุกรม |
|
|
Brief Record
: Get Marc (ISO 2709)
: E-mail record
: |
|
|
| LEADER 00000nama 2200000uu 4500 | |||
| 008 040531s|||| th m m a000 0 tha d | |||
| 020 9742774544 | |||
| 041 tha | |||
| 050 DS586 ว218น 2540 | |||
| 100 วรนุช อุษณกร. | |||
| 245 ในหลวงกับโครงการอันเนื่องมาจากพระราชดำริ/วรนุช อุษณกร. | |||
| 260 กรุงเทพฯ. โอ.เอส.พริ้นติ้ง เฮ้าส์. 2540. | |||
| 300 98 หน้า. | |||
| 650 1.ภูมิพลอดุยเดช,พระบาทสมเด็จพระเจ้าอยู่หัว,2470- 2.โครงการอันเนื่องมาจากพระราชดำริ--รวมเรื่อง. | |||
| คุณยังไม่ได้ล็อกอิน คุณสามารถมีกิจกรรมร่วมกับเว็บไซต์ได้ แต่ต้องล็อกอินก่อน :: |
|
| สถานะ | |||||||||
| 1. | หนังสือทั่วไป | DS586 ว218น 2540 | On Shelf ขอยืม | ||||||
| [แสดง 1/1 รายการ] | |||||||||
BibComment |
| คอมเมนท์ทรัพยากรรายการนี้ |
|
|